000
00271nam a2200097Ia 4500
001
997567
005
20250826221526.0
008
250824s9999 xx 000 0 und d
245
0
_a
SERÜVEN PEŞİNDE-ALTIN MASKE
_c
TUNCEL ALTINKÖPRÜ
260
_b
GENÇ HAYAT ÇOCUK YAYINLARI
999
_c
997567
_d
997567